000 00247nam a22000977a 4500
008 230426b |||||||| |||| 00| 0 eng d
020 _a9781847941831
100 _aClear James
_97671
245 _aAtomic Habits
260 _aLondon
_bPenguin Random House
999 _c12286
_d12286